000 02083cam a22004574i 4500
003 PE-LiUPU
005 20250731165409.0
008 151020s2009 pe a grm 000 0 spa d
035 _a(Sirsi) a154985
040 _aPE-LiUPU
_bspa
_cPE-LiUPU
_erda
099 _aTEF 2
_bE88 2009
100 1 _aEspinoza Rodríguez, Pamela Elizabeth
_eautor
245 1 _aRelación entre el Nivel de Conocimiento del Profesional de Enfermería Sobre las Medidas de Bioseguridad y su Aplicación el Servicio de Medicina del Hospital Nacional "Hipólito Unanue" de Lima - Perú, 2009 /
_cPamela Elizabeth Espinoza Rodríguez.
264 0 _c2009.
300 _a93 hojas
_c30 cm
336 _atext
_2rdacontent
337 _aunmediated
_2rdamedia
338 _avolume
_2rdacarrier
502 _aTesis
_b(Lic.) --
_cUniversidad Peruana Unión,
_d2009.
504 _aIncluye referencias
520 3 _aLa bioseguridad, es una doctrina de comportamientos encaminados a lograr actitudes y conductas que disminuyan el riesgo del trabajador de la salud de adquirir infecciones en el medio ambiente laboral. Es por esto importante señalar que los diferentes tipos de accidentes se presentan en todos los niveles de atención de salud, teniendo como factor común a los trabajadores de salud y entre ellos a las enfermeras que de alguna manera y como consecuencia de su trabajo especifico pueden estar en contacto con secreciones corporales, implementos punzo cortantes utilizados en pacientes de alto riesgo.
526 _aSEG44
526 _aSEG26
526 _aP151
526 _aP150
526 _aP149
526 _aP146
526 _aP145
526 _aP126
526 _aP125
526 _aP92
526 _aP75
526 _aP74
526 _aP27
526 _aP15
650 0 4 _aEnfermeras
_xMedidas de seguridad.
700 1 _aFlores Macuyama, Liz Yaneth
_eautor
596 _a1
942 _2ddc
_cTESIS
999 _aTEF 2 E88 2009
_wALPHANUM
_c7675
_iT01103
_lCCODEBUL3
_mBUL
_r1
_sY
_tTESIS
_u2015-10-20
_xSALUD
_PP22
_o.STAFF. Tesis
_d7675
980 _81
_gALBERTO SANCHEZ Responsable de Automatización